Marques de véhicules dans GTA 5 #5 - Statistiques

Statistiques générales
  • Ce quiz a été pris 8 fois
    3 depuis la dernière actualisation
  • Le résultat moyen est 31 sur 94
Statistiques - réponses
Marque Catégorie Modèle % Correct
HVY Tout-terrain Insurgent
67%
Karin Sportive Kuruma
67%
Karin Sportive Kuruma (blindée)
67%
HVY Tout-terrain Pick-up Insurgent
67%
HVY Tout-terrain Pick-up Insurgent custom
67%
Karin Sportive classique 190z
33%
HVY Véhicule utilitaire Airtug
33%
HVY Véhicule militaire APC
33%
Imponte Grosse cylindrée Arbiter GT
33%
Karin Berline Asterope
33%
Karin Berline Asterope GZ
33%
Kraken Bateau Avisa
33%
HVY Véhicule militaire Barracks
33%
HVY Véhicule militaire Barracks
33%
HVY Véhicule militaire Barracks Semi
33%
HVY Véhicule militaire Barrage
33%
Karin SUV BeeJay XL
33%
HVY Véhicule industriel Bétonnière
33%
HVY Véhicule industriel Bétonnière
33%
HVY Véhicule commercial Biff
33%
Karin Tout-terrain Boor
33%
Karin Sportive Calico GTF
33%
HVY Véhicule industriel Camion benne
33%
HVY Véhicule utilitaire Chariot élévateur
33%
HVY Véhicule militaire Chernobog
33%
Invetero Sportive Coquette
33%
Invetero Grosse cylindrée Coquette BlackFin
33%
Invetero Sportive classique Coquette classique
33%
Invetero Sportive classique Coquette D1
33%
Invetero Sportive Coquette D10
33%
Invetero Véhicule de secours Coquette D10 de poursuite
33%
Invetero Sportive Coquette D5
33%
Imponte Sportive classique Deluxo
33%
Karin Véhicule compact Dilettante
33%
Karin Véhicule compact Dilettante
33%
HVY Véhicule utilitaire Docktug
33%
HVY Véhicule industriel Dozer
33%
Imponte Grosse cylindrée Duke O'Death
33%
Karin Tout-terrain Everon
33%
Karin SUV Everon RS
33%
HVY Véhicule industriel Foreuse
33%
Karin Sportive Futo
33%
Karin Sportive Futo
33%
Karin Sportive Futo GTX
33%
Karin Sportive Futo GTX
33%
JoBuilt Véhicule commercial Hauler
33%
JoBuilt Véhicule commercial Hauler custom
33%
Karin Sportive Hotring Everon
33%
Karin Berline Intruder
33%
Hijak Sportive Khamelion
33%
Kraken Bateau Kraken
33%
JoBuilt Avion Mammatus
33%
HVY Tout-terrain Menacer
33%
Imponte Grosse cylindrée Nightshade
33%
HVY Tout-terrain Nightshark
33%
JoBuilt Avion P-996 LAZER
33%
JoBuilt Véhicule commercial Phantom
33%
JoBuilt Véhicule commercial Phantom
33%
JoBuilt Véhicule commercial Phantom custom
33%
JoBuilt Véhicule commercial Phantom Wedge
33%
Imponte Grosse cylindrée Phoenix
33%
HVY Véhicule industriel Porte-conteneur
33%
Karin Coupé Previon
33%
Karin Tout-terrain Rebel
33%
Karin Tout-terrain Rebel rouillé
33%
HVY Véhicule utilitaire Ripley
33%
JoBuilt Véhicule industriel Rubble
33%
Imponte Grosse cylindrée Ruiner
33%
Imponte Grosse cylindrée Ruiner
33%
Imponte Grosse cylindrée Ruiner 2000
33%
Imponte Grosse cylindrée Ruiner ZZ-8
33%
Hijak Sportive Ruston
33%
Karin Sportive S95
33%
HVY Véhicule militaire Scarab anticipation
33%
HVY Véhicule militaire Scarab apocalypse
33%
HVY Véhicule militaire Scarab cauchemar
33%
HVY Hélicoptère Skylift
33%
Karin Sportive Sultan
33%
Karin Sportive Sultan classique
33%
Karin Supersportive Sultan RS
33%
Karin Sportive Sultan RS classique
33%
Jack Sheepe Véhicule utilitaire Tondeuse à gazon
33%
JoBuilt Véhicule de services Trashmaster
33%
JoBuilt Véhicule de services Trashmaster
33%
JoBuilt Avion Velum
33%
JoBuilt Avion Velum - 5 places
33%
HVY Véhicule militaire Vetir
33%
Karin SUV Vivanite
33%
Karin SUV Woodlander
33%
Imponte Grosse cylindrée Beater Dukes
0%
Imponte Grosse cylindrée Dukes
0%
Karin Tout-terrain Pick-up armé
0%
Karin Tout-terrain Pick-up armé aqua
0%
Karin Tout-terrain Pick-up armé custom
0%
Aucun quiz correspondant
Distribution des résultats
% des personnes avec chaque résultat
Percentile par nombre de réponses
Votre historique - résultats
Vous n’avez pas pris ce quiz depuis la dernière actualisation